书目信息 |
| 题名: |
奇妙的生态系统
|
|
| 作者: | 何素兴 主编 ;北京科学中心 , 数字北京科学中心 编著 | |
| 分册: | ||
| 出版信息: | 北京 北京出版社 2020.5 |
|
| 页数: | 150页 | |
| 开本: | 29cm | |
| 丛书名: | ||
| 单 册: | ||
| 中图分类: | Q147 | |
| 科图分类: | ||
| 主题词: | 生态系--少儿读物 | |
| 电子资源: | ||
| ISBN: | 978-7-200-15552-5 | |
| 000 | 00823nam0 2200253 45 | |
| 001 | 012001002283 | |
| 005 | 20140913160634.0 | |
| 010 | @a978-7-200-15552-5@b精装@dCNY128.00 | |
| 100 | @a20210304d2020 cemy0chiy50 ea | |
| 101 | 0 | @achi |
| 102 | @aCN@b110000 | |
| 105 | @aa z 001yy | |
| 106 | @ar | |
| 200 | 1 | @a奇妙的生态系统@f北京科学中心,数字北京科学中心编著@g北京科学中心, 数字北京科学中心编著@Aqi miao de sheng tai xi tong |
| 210 | @a北京@c北京出版社@d2020.5 | |
| 215 | @a150页@c彩图@d29cm | |
| 300 | @a萌科看世界 | |
| 606 | 0 | @a生态系@j少儿读物 |
| 690 | @aQ147@v5 | |
| 701 | 0 | @a何素兴@Ahe su xing@4主编 |
| 712 | 02 | @a北京科学中心@Abei jing ke xue zhong xin@4编著 |
| 712 | 02 | @a数字北京科学中心@Ashu zi bei jing ke xue zhong xin@4编著 |
| 801 | 0 | @aCN@bBJSDL@c20211011 |
| 905 | @b1339130-3@dQ147@e321@f4 | |
| 奇妙的生态系统/北京科学中心,数字北京科学中心编著/北京科学中心, 数字北京科学中心编著.-北京:北京出版社,2020.5 |
| 150页:彩图;29cm |
| 萌科看世界 |
| ISBN 978-7-200-15552-5(精装):CNY128.00 |
| ● |
| 相关链接 |
|
|
|
|
正题名:奇妙的生态系统
索取号:Q147/321
 
预约/预借
| 序号 | 登录号 | 条形码 | 馆藏地/架位号 | 状态 | 备注 |
| 1 | 1339130 | 213391300 | 第二样本阅览室/ [索取号:Q147/321] | 在馆 | |
| 2 | 1339131 | 213391319 | 第三借阅区/ [索取号:Q147/321] | 在馆 | |
| 3 | 1339132 | 213391328 | 第三借阅区/ [索取号:Q147/321] | 在馆 | |
| 4 | 1339133 | 213391337 | 第三借阅区/ [索取号:Q147/321] | 在馆 |